DEFINITE DEcisions on a FINITE set of alternatives : instructions for use of the demonstration disks /

Bibliographic Details
Main Authors: Janssen, Ron (Author), Herwijnen, M. van (Author)
Corporate Author: SpringerLink (Online service)
Format: eBook
Language:English
Published: [New York] : Springer Science+Business Media, [1996]
Subjects:
Online Access:Connect to the full text of this electronic book

MARC

Tag First Indicator Second Indicator Subfields
LEADER 00000cam a2200000Ki 4500
001 in00003533513
006 m o d
007 cr cnu|||unuuu
008 141016s1996 nyu o 000 0 eng d
005 20260420205323.5
020 |a 9781489972422  |q electronic bk. 
020 |a 1489972420  |q electronic bk. 
020 |z 9780792320340 
024 7 |a 10.1007/978-1-4899-7242-2  |2 doi 
035 |a (OCoLC)893096458 
040 |a GW5XE  |b eng  |e rda  |e pn  |c GW5XE  |d OCLCF  |d UtOrBLW 
049 |a TXAM 
050 4 |a TD170.2  |b .J36 1996eb 
072 7 |a KJT  |2 bicssc 
072 7 |a KJMD  |2 bicssc 
072 7 |a BUS049000  |2 bisacsh 
082 0 4 |a 658.4/083  |2 23 
100 1 |a Janssen, Ron,  |e author. 
245 1 0 |a DEFINITE DEcisions on a FINITE set of alternatives :  |b instructions for use of the demonstration disks /  |c developed by Ron Janssen and Marjan van Herwijnen. 
264 1 |a [New York] :  |b Springer Science+Business Media,  |c [1996] 
300 |a 1 online resource (ii, 16 pages) 
336 |a text  |b txt  |2 rdacontent 
337 |a computer  |b c  |2 rdamedia 
338 |a online resource  |b cr  |2 rdacarrier 
588 0 |a Online resource; title from PDF title page (SpringerLink, viewed October 16, 2014). 
650 0 |a Environmental protection  |x Computer programs. 
650 7 |a Environmental protection  |x Computer programs.  |2 fast  |0 (OCoLC)fst00913340 
655 7 |a Electronic books.  |2 local 
700 1 |a Herwijnen, M. van,  |e author. 
710 2 |a SpringerLink (Online service) 
856 4 0 |u http://proxy.library.tamu.edu/login?url=https://link.springer.com/10.1007/978-1-4899-7242-2  |z Connect to the full text of this electronic book  |t 0 
994 |a 92  |b TXA 
999 |a MARS 
999 f f |s 7b59bea5-7759-3bed-bf9b-ead3db7d8b09  |i 235edd95-d85d-3c9f-aa50-60f69a43f905  |t 0 
952 f f |a Texas A&M University  |b College Station  |c Electronic Resources  |s www_evans  |d Available Online  |t 0  |e TD170.2 .J36 1996eb  |h Library of Congress classification 
998 f f |a TD170.2 .J36 1996eb  |t 0  |l Available Online